00677 a2200205 4500010001400000020002200014035001300036037001600049082001100065090001500076100002000091245004200111250001100153260005700164270005600221300002300277942002600300999001500326952013000341 aENG-88994 c60.00a8185378452 aEN-72527 bDBAD / PUB14a230.35 c9813d9813 aNatarajan, A.R.10aThe Hidden power /cby A.R. Natarajan a4th ed aBangalorebRamana Maharshi Centre for Learningc2006 aPost Office Road, Sanjay Nagar,bBangaloree560 094 a108p.c22 cm (pbk) adplcENk230.35 / NAT c9634d9634 00102ddc40718NFICaDBADbDBADeDBAD/PUBg60.00l0o230.35pEN-72527r2008-09-15 00:00:00t1u10622v60.00w2008-09-15yEN